Eastern Utah Libraries Catalog: Duchesne, Heber, Roosevelt, & Vernal

Two little trains / (Record no. 12050)

MARC details
000 -LEADER
fixed length control field 01034cam a2200337 a 4500
003 - CONTROL NUMBER IDENTIFIER
control field DLC
005 - DATE AND TIME OF LATEST TRANSACTION
control field 20241220105922.0
008 - FIXED-LENGTH DATA ELEMENTS--GENERAL INFORMATION
fixed length control field 000522s2001 nyua a 000 1 eng
001 - CONTROL NUMBER
control field 00040798
010 ## - LIBRARY OF CONGRESS CONTROL NUMBER
LC control number 00040798
020 ## - INTERNATIONAL STANDARD BOOK NUMBER
International Standard Book Number 0060283769
020 ## - INTERNATIONAL STANDARD BOOK NUMBER
International Standard Book Number 0060283777 (lib. bdg.)
035 ## - SYSTEM CONTROL NUMBER
System control number (Sirsi) i9780060283766
040 ## - CATALOGING SOURCE
Original cataloging agency DLC
Transcribing agency DLC
Modifying agency DLC
042 ## - AUTHENTICATION CODE
Authentication code lcac
050 00 - LIBRARY OF CONGRESS CALL NUMBER
Classification number PZ7.B8163
Item number Tw 2001
082 00 - DEWEY DECIMAL CLASSIFICATION NUMBER
Classification number [E]
Edition number 21
082 ## - DEWEY DECIMAL CLASSIFICATION NUMBER
Classification number BRO
092 ## - LOCALLY ASSIGNED DEWEY CALL NUMBER (OCLC)
Classification number BRO
100 1# - MAIN ENTRY--PERSONAL NAME
Personal name Brown, Margaret Wise,
Dates associated with a name 1910-1952.
9 (RLIN) 6106739
245 10 - TITLE STATEMENT
Title Two little trains /
Statement of responsibility, etc by Margaret Wise Brown ; pictures by Leo and Diane Dillon.
250 ## - EDITION STATEMENT
Edition statement 1st ed.
260 ## - PUBLICATION, DISTRIBUTION, ETC. (IMPRINT)
Place of publication, distribution, etc [New York] :
Name of publisher, distributor, etc HarperCollins Publishers,
Date of publication, distribution, etc c2001.
300 ## - PHYSICAL DESCRIPTION
Extent [31] p. :
Other physical details col. ill. ;
Dimensions 23 x 29 cm.
520 ## - SUMMARY, ETC.
Summary, etc Two little trains, one streamlined, the other old-fashioned, puff, puff, puff, and chug, chug, chug, on their way West.
700 1# - ADDED ENTRY--PERSONAL NAME
Personal name Dillon, Leo,
9 (RLIN) 2764
700 1# - ADDED ENTRY--PERSONAL NAME
Personal name Dillon, Diane,
9 (RLIN) 2763
942 ## - ADDED ENTRY ELEMENTS (KOHA)
Koha item type BOOK
979 ## -
-- 309119
998 ## - LOCAL CONTROL INFORMATION (RLIN)
-- a23069
Holdings
Withdrawn status Lost status Source of classification or shelving scheme Damaged status Not for loan Collection code Home library Current library Shelving location Date acquired Source of acquisition Cost, normal purchase price Total Checkouts Total Renewals Full call number Barcode Date last seen Date checked out Cost, replacement price Price effective from Koha item type
    Dewey Decimal Classification     Children Picture Books Wasatch County Library Wasatch County Library Main Floor Childrens Area 12/28/2017 Amazon 17.99 34 16 E Bro 34301001520966 03/03/2026 02/17/2026 17.99 03/20/2020 BOOK
This project was made possible through a grant from the Institute of Museum and Library Service administered by the Utah State Library Division.

Wasatch County Library

  • 465 East 1200 South, Heber City, Utah 84032
  • Phone 435-654-1511 | Fax 435-654-6456

Hours

  • Monday - Friday 9:30 AM - 8:00 PM
  • Saturday 9:30 AM - 1:30 PM
  • Closed Sundays and Holidays